<?xml version="1.0" encoding="UTF-8"?><?xml-stylesheet type="text/xsl" href="static/style.xsl"?><OAI-PMH xmlns="http://www.openarchives.org/OAI/2.0/" xmlns:xsi="http://www.w3.org/2001/XMLSchema-instance" xsi:schemaLocation="http://www.openarchives.org/OAI/2.0/ http://www.openarchives.org/OAI/2.0/OAI-PMH.xsd"><responseDate>2026-04-17T22:51:55Z</responseDate><request verb="GetRecord" identifier="oai:www.recercat.cat:10230/69859" metadataPrefix="marc">https://recercat.cat/oai/request</request><GetRecord><record><header><identifier>oai:recercat.cat:10230/69859</identifier><datestamp>2025-12-22T20:19:31Z</datestamp><setSpec>com_2072_6</setSpec><setSpec>col_2072_452954</setSpec></header><metadata><record xmlns="http://www.loc.gov/MARC21/slim" xmlns:dcterms="http://purl.org/dc/terms/" xmlns:xsi="http://www.w3.org/2001/XMLSchema-instance" xmlns:doc="http://www.lyncode.com/xoai" xsi:schemaLocation="http://www.loc.gov/MARC21/slim http://www.loc.gov/standards/marcxml/schema/MARC21slim.xsd">
   <leader>00925njm 22002777a 4500</leader>
   <datafield ind2=" " ind1=" " tag="042">
      <subfield code="a">dc</subfield>
   </datafield>
   <datafield ind2=" " ind1=" " tag="720">
      <subfield code="a">Goto Uehara, Paula Daniela</subfield>
      <subfield code="e">author</subfield>
   </datafield>
   <datafield ind2=" " ind1=" " tag="260">
      <subfield code="c">2025-03-07T19:19:42Z</subfield>
   </datafield>
   <datafield ind2=" " ind1=" " tag="260">
      <subfield code="c">2025-03-07T19:19:42Z</subfield>
   </datafield>
   <datafield ind2=" " ind1=" " tag="260">
      <subfield code="c">2024</subfield>
   </datafield>
   <datafield ind2=" " ind1=" " tag="520">
      <subfield code="a">Treball de fi de màster en Estudis de Cinema i Audiovisual Contemporanis
Asesor: Sergi Sánchez</subfield>
   </datafield>
   <datafield ind2=" " ind1=" " tag="520">
      <subfield code="a">A través de un enfoque que abarca tanto el cine de ficción como el documental, en esta investigación se presentan estrategias narrativas y audiovisuales que diversas cineastas enfocadas en la autorrepresentación han utilizado para representar memorias traumáticas y experiencias personales. El estudio centra su análisis en documentales de Naomi Kawase (Nitsutsumarete [1992], Katatsumori [1994], Kya ka ra ba a [2001], y Tarachime [2006]) y en Aftersun (2023) de Charlotte Wells, desentrañando cómo estas directoras exploran y narran la ausencia de una figura paterna o materna. El objetivo es ofrecer una nueva perspectiva sobre la representación de la memoria y la identidad en el cine, destacando el papel crucial de las cineastas en la reivindicación de sus propias historias y la construcción de complejos paisajes emocionales en sus obras. Esta investigación contribuye al entendimiento del proceso autobiográfico y la importancia de las experiencias femeninas en el ámbito cinematográfico.</subfield>
   </datafield>
   <datafield tag="653" ind2=" " ind1=" ">
      <subfield code="a">Ausencia paterna</subfield>
   </datafield>
   <datafield tag="653" ind2=" " ind1=" ">
      <subfield code="a">Memoria</subfield>
   </datafield>
   <datafield tag="653" ind2=" " ind1=" ">
      <subfield code="a">Autorretrato cinematográfico</subfield>
   </datafield>
   <datafield tag="653" ind2=" " ind1=" ">
      <subfield code="a">Identidad</subfield>
   </datafield>
   <datafield tag="653" ind2=" " ind1=" ">
      <subfield code="a">Autorrepresentación</subfield>
   </datafield>
   <datafield tag="653" ind2=" " ind1=" ">
      <subfield code="a">Cine autorreferencial</subfield>
   </datafield>
   <datafield tag="653" ind2=" " ind1=" ">
      <subfield code="a">Cuerpo</subfield>
   </datafield>
   <datafield tag="653" ind2=" " ind1=" ">
      <subfield code="a">Cámara subjetiva</subfield>
   </datafield>
   <datafield tag="653" ind2=" " ind1=" ">
      <subfield code="a">Imagen superviviente</subfield>
   </datafield>
   <datafield ind2="0" ind1="0" tag="245">
      <subfield code="a">Ante las huellas de un padre ausente: explorando las manifestaciones de la ausencia de una figura paterna en el autorretrato cinematográfico</subfield>
   </datafield>
</record></metadata></record></GetRecord></OAI-PMH>